Tomáš Baťa společensky odpovědný

Definícia spoločenskej zodpovednosti firiem (CSR). Spoločensky zodpovedná firma - zdravá, slušná a konkurencieschopná. Tomáš Baťa ako dobrý príklad spoločensky zodpovedného manažéra. Človek ako základ úspechu. Trvalá hodnota firmy v znalostiach, schopnostiach a tvorivom myslení ľudí. Silná firemná k...

Ausführliche Beschreibung

Gespeichert in:
Bibliographische Detailangaben
1. Verfasser: Janků, Šárka
Format: Buchkapitel
Sprache:Tschechisch
Schlagworte:
Tags: Tag hinzufügen
Keine Tags, Fügen Sie das erste Tag hinzu!

MARC

LEADER 00000naa a2200000 4500
001 0250192
005 20190116112135.6
041 0 |a cze 
044 |a SK 
245 1 0 |a Tomáš Baťa společensky odpovědný  |c Šárka Janků 
520 |a Definícia spoločenskej zodpovednosti firiem (CSR). Spoločensky zodpovedná firma - zdravá, slušná a konkurencieschopná. Tomáš Baťa ako dobrý príklad spoločensky zodpovedného manažéra. Človek ako základ úspechu. Trvalá hodnota firmy v znalostiach, schopnostiach a tvorivom myslení ľudí. Silná firemná kultúra. Vyrovnaná sociálna klíma vo firme. Sociálne služby pre zamestnancov. Prevencia, pohyb, zdravý životný štýl a vzdelávanie - najvýznamnejšie devízy personálnej a sociálnej práce Tomáša Baťu. 
610 2 0 |a manažéri 
610 2 0 |a podnikatelia 
610 2 0 |a zodpovednosť spoločenská 
610 2 0 |a starostlivosť o pracovníkov 
100 1 |a Janků, Šárka